| 000 | 00457 a2200157 4500 | ||
|---|---|---|---|
| 001 | 71582 | ||
| 020 | _a8587066137 | ||
| 040 | _cAnchieta - Colégio São Paulo | ||
| 100 | _aJacobina, Ronaldo Ribeiro | ||
| 240 | 1 | 0 |
_aCantigas para ninar Cecília e poemas para acordar gente grande _lpor |
| 245 | 1 | 0 | _aCantigas para ninar Cecília e poemas para acordar gente grande |
| 300 | _a101 | ||
| 362 | 0 | _a2003 | |
| 650 | 4 | _aLiteratura infanto-juvenil | |
| 942 | _cBK | ||
| 999 |
_c71582 _d71582 |
||